| 000 | 00724pam a2200241 i 4500 | ||
|---|---|---|---|
| 001 | 4598574 | ||
| 003 | ARRUPE | ||
| 005 | 20150109115433.0 | ||
| 008 | 760927s1977 maua 001 0 eng | ||
| 010 | _a 76027902 | ||
| 020 |
_a0521214459. _a0521291518 |
||
| 040 |
_aDLC _cDLC _dDLC |
||
| 050 | 0 | 0 |
_aQC173.59.S65 _bD39 |
| 082 | 0 | 0 | _a530.1/1 |
| 100 | 1 |
_aDavies, P. C. W. _910002 |
|
| 245 | 1 | 0 |
_aSpace and time in the modern universe / _cP. C. W. Davies. |
| 260 |
_aCambridge ; _aNew York : _bCambridge University Press, _c1977. |
||
| 300 |
_a232 p. : _bill. ; _c23 cm. |
||
| 500 | _aIncludes index. | ||
| 650 | 0 |
_aSpace and time. _92213 |
|
| 906 |
_a7 _bcbc _corignew _d1 _eocip _f19 _gy-gencatlg |
||
| 942 |
_2lcc _cMONOGRAPH |
||
| 999 |
_c121563 _d121563 |
||